书目信息 |
| 题名: |
实用急救手册
|
|
| 作者: | 袭雷鸣 主编 | |
| 分册: | ||
| 出版信息: | 北京 华夏出版社 2014.08 |
|
| 页数: | 172页 | |
| 开本: | 23cm | |
| 丛书名: | ||
| 单 册: | ||
| 中图分类: | R459.7 | |
| 科图分类: | ||
| 主题词: | 急救--ji jiu--手册 , 急救--ji jiu | |
| 电子资源: | ||
| ISBN: | 978-7-5080-8191-5 | |
| 000 | 00881nam0 2200253 450 | |
| 001 | 0104125642 | |
| 005 | 20201104125714.0 | |
| 010 | @a978-7-5080-8191-5@dCNY29.00 | |
| 100 | @a20141031e20202014em y0chiy50 ea | |
| 101 | 0 | @achi |
| 102 | @aCN@b110000 | |
| 105 | @ay z 000yy | |
| 106 | @ar | |
| 200 | 1 | @a实用急救手册@Ashi yong ji jiu shou ce@dThe practical guide to emergency treament@zeng@f袭雷鸣主编 |
| 210 | @a北京@c华夏出版社@d2014.08@h2020.09 | |
| 215 | @a172页@d23cm | |
| 330 | @a本书主要内容包括:临床常见危机重症抢救流程、临床常见急救操作技术、中医学在急救方面的应用、ICU常用药物和特殊药物的使用等。 | |
| 510 | 1 | @aPractical guide to emergency treament@zeng |
| 606 | 0 | @a急救@Aji jiu@j手册 |
| 606 | 0 | @a急救@Aji jiu |
| 690 | @aR459.7@v5 | |
| 701 | 0 | @a袭雷鸣@Axi lei ming@f(1979-)@4主编 |
| 801 | 0 | @aCN@bBJSZM@c20201104 |
| 905 | @b1261698-701@dR459.7@e131@f4 | |
| 实用急救手册=The practical guide to emergency treament/袭雷鸣主编.-北京:华夏出版社,2014.08(2020.09) |
| 172页;23cm |
| ISBN 978-7-5080-8191-5:CNY29.00 |
| 本书主要内容包括:临床常见危机重症抢救流程、临床常见急救操作技术、中医学在急救方面的应用、ICU常用药物和特殊药物的使用等。 |
| ● |
| 相关链接 |
|
|
|
|
正题名:实用急救手册
索取号:R459.7/131
 
预约/预借
| 序号 | 登录号 | 条形码 | 馆藏地/架位号 | 状态 | 备注 |
| 1 | 1261698 | 212616980 | 第二样本阅览室/ [索取号:R459.7/131] | 在馆 | |
| 2 | 1261699 | 212616999 | 教育系资料室/ [索取号:R459.7/131] | 在馆 | |
| 3 | 1261700 | 212617006 | 教育系资料室/ [索取号:R459.7/131] | 在馆 | |
| 4 | 1261701 | 212617015 | 第三借阅区/ [索取号:R459.7/131] | 在馆 |